| 000 | 00766nam a2200181Ia 4500 | ||
|---|---|---|---|
| 008 | 100921s9999 xx 000 0 und d | ||
| 082 |
_b23085 _a928 थ 90 |
||
| 100 | _aगणोरकर प्रभा. | ||
| 245 | _aबाळकृष्ण भगवंत बोरकर. | ||
| 260 |
_bसाहित्य अकादमी,नवी दिल्ली. _c1990 |
||
| 300 |
_a112 _bसाहित्य अकादमी,दिल्ली |
||
| 365 | _b10 | ||
| 520 | _aचरित्रे-साहित्यिक. | ||
| 630 | _aबाळकृष्ण भगवंत बोरकर. | ||
| 650 | _aचरित्रे-साहित्यिक. | ||
| 730 | _aबाळकृष्ण भगवंत बोरकर. | ||
| 942 | _cBOOK | ||
| 999 |
_c772198 _d772195 |
||